00842nam a2200229 a 4500001000400000003000900004008004100013040002800054082001600082100003200098245002200130250000700152260002700159300001500186490002600201500002800227650002700255942001200282999001700294952015200311952014900463734CO-ViMGA141112s2004 ck r 000 u spa d aCO-ViMGAbspacCO-ViMGA a839.9 N677a1 aNostlinger, Christine9278110aLa autentica Susi a6a aMadrid : bS.M, c1994 a171 p : il aEl barco de vapor, 65 aA partir de 9 años. 14aNOVELA AUSTRIACA95014 2ddccBK c11289d11289 00102ddc40708001aMEVIGACOMbMEVIGACOMd2015-12-04hVolumen. 1 | 11/jun/2009l0o839.9 N677a p4005r2017-05-22 00:00:00tEj. 1w2015-12-04yBK 00102ddc40708003aMEVIECARbMEVIECARd2015-12-04hVolumen. 1 | 11/jun/2009l0o839.9 N677a p734r2015-12-04 00:00:00tEj. 1w2015-12-04yBK